| 000 | 00381cam a2200157ua 4500 | ||
|---|---|---|---|
| 020 | _cRs.1 | ||
| 041 |
_aeng _h |
||
| 082 |
_a894.8122 _bTHA/KA |
||
| 100 | _aThalappill. N.A, . | ||
| 245 |
_aKallum Karayum / _cThalappil. _hTextual Documents |
||
| 260 |
_aPalaghaut : _bThalappill N.A , _c1963. |
||
| 300 | _a70 ; . | ||
| 365 | _aRs.1 | ||
| 504 | _a | ||
| 999 |
_c11654 _d11654 |
||